[Event "SVK-chT2D 1617"]
[Site "Slovakia"]
[Date "2017.03.12"]
[Round "11.8"]
[White "Lanyi, Julius"]
[Black "Jencopala, Alexander"]
[Result "1/2-1/2"]
[WhiteElo "1816"]
[BlackElo "1617"]
[PlyCount "81"]
[EventDate "2016.10.08"]
[EventType "team-tourn"]
[EventRounds "11"]
[EventCountry "SVK"]
[SourceTitle "EXT 2019"]
[Source "ChessBase"]
[SourceDate "2018.10.10"]
[SourceVersion "1"]
[SourceVersionDate "2018.10.10"]
[SourceQuality "1"]
[WhiteTeam "Kosice 1 CC"]
[BlackTeam "Bardejov II"]
[WhiteTeamCountry "SVK"]
[BlackTeamCountry "SVK"]

1. e4 c5 2. Nf3 d6 3. d4 cxd4 4. Nxd4 Nf6 5. Nc3 a6 6. f4 e6 7. Be2 Be7 8. 0-0 0-0 9. Bf3 Qc7 10. Qe1 e5 11. Nf5 Bxf5 12. exf5 Nc6 13. Nd5 Nxd5 14. Bxd5 Nd4 15. fxe5 dxe5 16. f6 Bxf6 17. Rxf6 gxf6 18. Bh6 Kh8 19. Qf2 Qd6 20. Bxf8 Rxf8 21. Bxb7 Rb8 22. Be4 Rxb2 23. a4 a5 24. Rf1 Ra2 25. Qe3 f5 26. Bxf5 Nxf5 27. Rxf5 f6 28. Rf1 Rxc2 29. Qb3 Qc6 30. Qg3 Rc1 31. Qf2 Rxf1+ 32. Qxf1 Kg7 33. Qd1 f5 34. h3 Qc7 35. Qf3 Kf6 36. Qe3 f4 37. Qe4 Qc1+ 38. Kh2 Qe3 39. Qxh7 Qg3+ 40. Kh1 Qe1+ 41. Kh2 1/2-1/2

[Event "SVK-chT2D 1617"]
[Site "Slovakia"]
[Date "2016.12.03"]
[Round "5.8"]
[White "Matirko, Ervin"]
[Black "Lanyi, Julius"]
[Result "1-0"]
[WhiteElo "1770"]
[BlackElo "1816"]
[PlyCount "63"]
[EventDate "2016.10.08"]
[EventType "team-tourn"]
[EventRounds "11"]
[EventCountry "SVK"]
[SourceTitle "EXT 2018"]
[Source "ChessBase"]
[SourceDate "2017.10.13"]
[SourceVersion "1"]
[SourceVersionDate "2017.10.13"]
[SourceQuality "1"]
[WhiteTeam "Kosice Dynamo"]
[BlackTeam "Kosice 1 CC"]
[WhiteTeamCountry "SVK"]
[BlackTeamCountry "SVK"]

1. d4 Nf6 2. c4 e6 3. Nc3 b6 4. Nf3 Bb7 5. Bg5 h6 6. Bxf6 Qxf6 7. e4 Bb4 8. Bd3 c5 9. Qb3 cxd4 10. Qxb4 dxc3 11. bxc3 Nc6 12. Qa3 Qe7 13. Qb2 e5 14. 0-0 0-0 15. Rad1 Rac8 16. Qe2 Rc7 17. g3 Rfc8 18. Nh4 g6 19. Qe3 Qf8 20. Be2 Na5 21. Nf3 d6 22. Nd2 Ba6 23. f4 Bxc4 24. Nxc4 Nxc4 25. Qf2 exf4 26. Qxf4 Ne5 27. c4 Qg7 28. Rxd6 Nxc4 29. Rf6 Re7 30. Bxc4 Rxc4 31. Qb8+ Qf8 32. Rxg6+ 1-0

[Event "SVK-chT2D 1617"]
[Site "Slovakia"]
[Date "2016.11.06"]
[Round "4.8"]
[White "Lanyi, Julius"]
[Black "Vajo, Jozef"]
[Result "1-0"]
[WhiteElo "1816"]
[BlackElo "1752"]
[PlyCount "55"]
[EventDate "2016.10.08"]
[EventType "team-tourn"]
[EventRounds "11"]
[EventCountry "SVK"]
[SourceTitle "EXT 2018"]
[Source "ChessBase"]
[SourceDate "2017.10.13"]
[SourceVersion "1"]
[SourceVersionDate "2017.10.13"]
[SourceQuality "1"]
[WhiteTeam "Kosice 1 CC"]
[BlackTeam "Velke Kapusany"]
[WhiteTeamCountry "SVK"]
[BlackTeamCountry "SVK"]

1. e4 c5 2. Nf3 d6 3. d4 cxd4 4. Nxd4 Nf6 5. Nc3 g6 6. Bc4 Bg7 7. f3 0-0 8. Be3 Nc6 9. Qd2 Bd7 10. h4 Rc8 11. Bb3 Qa5 12. Nxc6 Bxc6 13. Bh6 Bxh6 14. Qxh6 Qh5 15. Qd2 Rc7 16. 0-0-0 Nd7 17. g4 Qe5 18. f4 Qg7 19. h5 Nc5 20. hxg6 Nxb3+ 21. axb3 fxg6 22. f5 g5 23. Rh5 h6 24. Rdh1 Rf6 25. R1h2 Rd7 26. Qd4 a6 27. Na4 e5 28. Qe3 1-0

[Event "SVK-chT2D 1516"]
[Site "Slovakia"]
[Date "2016.01.24"]
[Round "7.8"]
[White "Nadzamova, Viktoria"]
[Black "Lanyi, Julius"]
[Result "1/2-1/2"]
[WhiteElo "1837"]
[BlackElo "1794"]
[PlyCount "123"]
[EventDate "2015.10.17"]
[EventType "team-tourn"]
[EventRounds "11"]
[EventCountry "SVK"]
[SourceTitle "EXT 2017"]
[Source "ChessBase"]
[SourceDate "2016.10.25"]
[SourceVersion "1"]
[SourceVersionDate "2016.10.25"]
[SourceQuality "1"]
[WhiteTeam "Kosice Slavia UPJS III"]
[BlackTeam "Kosice 1 CC"]
[WhiteTeamCountry "SVK"]
[BlackTeamCountry "SVK"]

1. e4 c5 2. Nf3 d6 3. Bb5+ Nc6 4. Bxc6+ bxc6 5. 0-0 Bg4 6. Re1 e5 7. d3 Nf6 8. Nbd2 Be7 9. Nf1 0-0 10. Ne3 Bh5 11. Nf5 Qd7 12. Nxe7+ Qxe7 13. Bg5 h6 14. Bh4 Qe6 15. c3 Nh7 16. Re3 f5 17. exf5 Rxf5 18. Qb3 Qxb3 19. axb3 Bxf3 20. Rxf3 Rxf3 21. gxf3 g5 22. Bg3 a6 23. Ra4 Kf7 24. b4 cxb4 25. Rxb4 Ke6 26. Rb6 c5 27. d4 cxd4 28. cxd4 h5 29. Bxe5 Rd8 30. Rxa6 Kd5 31. Ra5+ Ke6 32. Bg7 Rd7 33. Bh6 d5 34. f4 g4 35. f3 gxf3 36. Kf2 Rb7 37. f5+ Kxf5 38. Kxf3 Rb3+ 39. Ke2 Ke4 40. Ra4 Rxb2+ 41. Bd2 Ng5 42. Ra3 Kxd4 43. Kd1 Ne4 44. Be3+ Ke5 45. Ba7 Ng5 46. h4 Ne4 47. Kc1 Rg2 48. Rd3 Rg4 49. Rh3 d4 50. Kc2 d3+ 51. Kxd3 Kf5 52. Bb6 Rg3+ 53. Rxg3 Nxg3 54. Bd8 Kg4 55. Ke3 Nf5+ 56. Kf2 Nxh4 57. Bxh4 Kxh4 58. Kg2 Kg4 59. Kh2 h4 60. Kg2 h3+ 61. Kh2 Kf4 62. Kxh3 1/2-1/2

[Event "SVK-chT2D 14/15"]
[Site "Slovakia"]
[Date "2015.03.08"]
[Round "11.7"]
[White "Lanyi, Julius"]
[Black "Sabol, Jan"]
[Result "1-0"]
[WhiteElo "1832"]
[BlackElo "1888"]
[PlyCount "95"]
[EventDate "2014.10.11"]
[EventType "team-tourn"]
[EventRounds "11"]
[EventCountry "SVK"]
[SourceTitle "EXT 2019"]
[Source "ChessBase"]
[SourceDate "2018.10.10"]
[SourceVersion "1"]
[SourceVersionDate "2018.10.10"]
[SourceQuality "1"]
[WhiteTeam "Kosice 1 CC"]
[BlackTeam "Presov Slavia PU"]
[WhiteTeamCountry "SVK"]
[BlackTeamCountry "SVK"]

1. e4 d6 2. d4 Nf6 3. Nc3 g6 4. f4 Bg7 5. Nf3 Bg4 6. Be3 c6 7. h3 Bxf3 8. Qxf3 Nbd7 9. e5 dxe5 10. dxe5 Ng8 11. 0-0-0 e6 12. Ne4 Qc7 13. Nd6+ Kf8 14. h4 h5 15. g4 Ne7 16. Be2 hxg4 17. Qxg4 Nd5 18. Bd2 Bxe5 19. Nxf7 Kxf7 20. fxe5 Nxe5 21. Rdf1+ Ke7 22. Qg5+ Kd7 23. c4 Ne7 24. Bf4 Nf5 25. Qf6 Rae8 26. Bxe5 Qa5 27. Rd1+ Kc8 28. Kb1 Rhf8 29. Bc3 Qc5 30. Qe5 Qf2 31. Rhf1 Qxh4 32. Rh1 Qe7 33. a3 c5 34. Rd3 Rd8 35. Rhd1 Rxd3 36. Rxd3 b6 37. Bf3 Nh4 38. Bc6 Rf1+ 39. Ka2 Rf5 40. Qh2 e5 41. Bd7+ Kb7 42. Bxf5 Nxf5 43. Qxe5 Qh4 44. Rd7+ Ka6 45. Kb3 Qh3 46. Ka2 Qg4 47. Qd5 Nd6 48. Rxd6 1-0

[Event "SVK-chT2D 14/15"]
[Site "Slovakia"]
[Date "2015.02.15"]
[Round "9.6"]
[White "Zrost, Rudolf"]
[Black "Lanyi, Julius"]
[Result "1/2-1/2"]
[WhiteElo "1966"]
[BlackElo "1832"]
[PlyCount "45"]
[EventDate "2014.10.11"]
[EventType "team-tourn"]
[EventRounds "11"]
[EventCountry "SVK"]
[SourceTitle "EXT 2019"]
[Source "ChessBase"]
[SourceDate "2018.10.10"]
[SourceVersion "1"]
[SourceVersionDate "2018.10.10"]
[SourceQuality "1"]
[WhiteTeam "Spisska Nova Ves"]
[BlackTeam "Kosice 1 CC"]
[WhiteTeamCountry "SVK"]
[BlackTeamCountry "SVK"]

1. d4 Nf6 2. c4 e6 3. Nf3 b6 4. a3 Bb7 5. Nc3 Be7 6. h3 d5 7. Bf4 dxc4 8. Qa4+ Qd7 9. Qxc4 Bxf3 10. exf3 0-0 11. Rd1 Bd6 12. Be3 Nd5 13. Bd2 Qe7 14. Ne4 Bf4 15. Bxf4 Nxf4 16. g3 Nd5 17. Bg2 Nd7 18. 0-0 Rad8 19. f4 N7f6 20. Rfe1 Rd7 21. Ng5 h6 22. Nf3 Rd6 23. Ne5 1/2-1/2

[Event "SVK-chT2D 1213"]
[Site "Slovakia"]
[Date "2012.12.02"]
[Round "4.8"]
[White "Lanyi, Julius"]
[Black "Sedmak, Viktor"]
[Result "1/2-1/2"]
[WhiteElo "1879"]
[BlackElo "1833"]
[PlyCount "80"]
[EventDate "2012.10.13"]
[EventType "team-tourn"]
[EventRounds "11"]
[EventCountry "SVK"]
[SourceTitle "EXT 2015"]
[Source "ChessBase"]
[SourceDate "2014.11.20"]
[SourceVersion "1"]
[SourceVersionDate "2014.11.20"]
[SourceQuality "1"]
[WhiteTeam "Kosice SK"]
[BlackTeam "Gelnica Slovan"]
[WhiteTeamCountry "SVK"]
[BlackTeamCountry "SVK"]

1. e4 c5 2. Nf3 Nc6 3. d4 cxd4 4. Nxd4 Qb6 5. Nb5 a6 6. Be3 Qa5+ 7. N5c3 Nf6 8. Nd2 b5 9. Nb3 Qc7 10. Be2 g6 11. f4 d6 12. 0-0 e6 13. e5 dxe5 14. fxe5 Nd7 15. Nd4 Ncxe5 16. Bf4 Bg7 17. Qe1 0-0 18. Qf2 Bb7 19. Rad1 Qc5 20. Be3 Qe7 21. a3 Rac8 22. Rd2 Nf6 23. Bg5 Ned7 24. Qh4 e5 25. Nb3 Qe6 26. Rfd1 Rc7 27. Rd6 Qf5 28. Na5 Bc8 29. Rf1 Qxc2 30. Bxf6 Nxf6 31. Rdxf6 Bxf6 32. Qxf6 Rxc3 33. bxc3 Qxe2 34. Nc6 h6 35. Ne7+ Kh7 36. Nxg6 Rg8 37. Qxf7+ Rg7 38. Nf8+ Kh8 39. Ng6+ Kh7 40. Nf8+ Kh8 1/2-1/2

[Event "Kosice Kotan Memorial 3rd"]
[Site "Kosice"]
[Date "2011.06.26"]
[Round "2"]
[White "Manik, Mikulas"]
[Black "Lanyi, Julius"]
[Result "1-0"]
[WhiteElo "2398"]
[BlackElo "1975"]
[PlyCount "37"]
[EventDate "2011.06.25"]
[EventType "swiss"]
[EventRounds "9"]
[EventCountry "SVK"]
[SourceTitle "EXT 2012"]
[Source "ChessBase"]
[SourceDate "2011.11.24"]
[SourceVersion "1"]
[SourceVersionDate "2011.11.24"]
[SourceQuality "1"]

1. e4 c5 2. Nf3 d6 3. d4 cxd4 4. Nxd4 Nf6 5. Nc3 g6 6. Be3 Bg7 7. f3 Nc6 8. Qd2 Bd7 9. 0-0-0 b5 10. Bxb5 Nxd4 11. Bxd7+ Nxd7 12. Bxd4 Bxd4 13. Qxd4 0-0 14. Kb1 Nc5 15. e5 Qa5 16. exd6 exd6 17. Nd5 Rfd8 18. Ne7+ Kf8 19. Nc6 1-0

[Event "SVK-ch sf 31st corr"]
[Site "Slovakia"]
[Date "2003.??.??"]
[Round "?"]
[White "Gallo, Jan"]
[Black "Lanyi, Julius"]
[Result "0-1"]
[WhiteElo "2085"]
[BlackElo "2037"]
[PlyCount "40"]
[EventDate "2003.02.24"]
[EventType "tourn (corr)"]
[EventRounds "14"]
[EventCountry "SVK"]
[SourceTitle "Corr 2004"]
[Source "ChessBase"]
[SourceDate "2003.04.28"]
[SourceVersion "3"]
[SourceVersionDate "2003.04.28"]
[SourceQuality "1"]

1. e4 c5 2. Nf3 e6 3. d4 cxd4 4. Nxd4 Nf6 5. Nc3 d6 6. Be2 a6 7. f4 Qc7 8. 0-0 Be7 9. Be3 Nc6 10. Qe1 0-0 11. Qg3 Nxd4 12. Bxd4 b5 13. a3 Bd7 14. e5 dxe5 15. fxe5 Nd5 16. Nxd5 exd5 17. c3 Be6 18. Bd3 Rfe8 19. Qe3 Rab8 20. Kh1 Bf8 0-1

[Event "SVK-ch sf 31st corr"]
[Site "Slovakia"]
[Date "2003.??.??"]
[Round "?"]
[White "Lanyi, Julius"]
[Black "Gallo, Jan"]
[Result "1-0"]
[WhiteElo "2037"]
[BlackElo "2085"]
[PlyCount "34"]
[EventDate "2003.02.24"]
[EventType "tourn (corr)"]
[EventRounds "14"]
[EventCountry "SVK"]
[SourceTitle "Corr 2004"]
[Source "ChessBase"]
[SourceDate "2003.04.28"]
[SourceVersion "3"]
[SourceVersionDate "2003.04.28"]
[SourceQuality "1"]

1. e4 d5 2. exd5 Nf6 3. Bb5+ Bd7 4. Bc4 b5 5. Be2 Nxd5 6. d4 g6 7. Nf3 Bg7 8. 0-0 0-0 9. Ne5 c5 10. dxc5 Bxe5 11. Qxd5 Qc7 12. f4 Bf6 13. Na3 Bc6 14. Qb3 a6 15. Be3 Nd7 16. c3 Be4 17. Qb4 Qc6 1-0

[Event "SVK-ch sf 31st corr"]
[Site "Slovakia"]
[Date "2003.??.??"]
[Round "?"]
[White "Lanyi, Julius"]
[Black "Zalcik, Vaclav"]
[Result "1/2-1/2"]
[WhiteElo "2037"]
[BlackElo "2143"]
[PlyCount "98"]
[EventDate "2003.02.24"]
[EventType "tourn (corr)"]
[EventRounds "14"]
[EventCountry "SVK"]
[SourceTitle "Corr 2008"]
[Source "ChessBase"]
[SourceDate "2008.06.24"]
[SourceVersion "1"]
[SourceVersionDate "2008.06.24"]
[SourceQuality "1"]

1. e4 c5 2. Nf3 d6 3. d4 cxd4 4. Nxd4 Nf6 5. Nc3 a6 6. Bg5 e6 7. f4 Nbd7 8. Qf3 Qc7 9. 0-0-0 Be7 10. Be2 b5 11. Bxf6 Nxf6 12. e5 Bb7 13. Qg3 dxe5 14. fxe5 Nd7 15. Bxb5 axb5 16. Ndxb5 Qc5 17. Qxg7 Rf8 18. Rhe1 0-0-0 19. g3 Bf3 20. Rd4 Bc6 21. a4 Qb6 22. Kb1 h5 23. Rf1 Bc5 24. Rdf4 h4 25. Rxh4 Rg8 26. Qh6 Nxe5 27. Qh5 f5 28. Qe2 Be3 29. a5 Bxb5 30. Qxb5 Qxb5 31. Nxb5 Rg4 32. Rxg4 fxg4 33. Re1 Rd5 34. Rxe3 Rxb5 35. Re4 Rxa5 36. b4 Rb5 37. Ka2 Nf3 38. Rxg4 Nxh2 39. Rg8+ Kd7 40. Kb3 Rd5 41. c4 Rd3+ 42. Ka4 Rc3 43. c5 e5 44. Rg7+ Ke6 45. b5 Rc4+ 46. Ka5 Rxc5 47. Ka6 Rc1 48. b6 Ra1+ 49. Kb7 Nf3 1/2-1/2

[Event "SVK-ch sf 31st corr"]
[Site "Slovakia"]
[Date "2003.??.??"]
[Round "?"]
[White "Orolin, Jan"]
[Black "Lanyi, Julius"]
[Result "0-1"]
[WhiteElo "2221"]
[BlackElo "2037"]
[PlyCount "80"]
[EventDate "2003.02.24"]
[EventType "tourn (corr)"]
[EventRounds "14"]
[EventCountry "SVK"]
[SourceTitle "Corr 2008"]
[Source "ChessBase"]
[SourceDate "2008.06.24"]
[SourceVersion "1"]
[SourceVersionDate "2008.06.24"]
[SourceQuality "1"]

1. e4 c5 2. Nf3 e6 3. d4 cxd4 4. Nxd4 Nf6 5. Nc3 d6 6. g4 Nc6 7. g5 Nd7 8. Be3 Be7 9. Rg1 Nb6 10. f4 e5 11. Nxc6 bxc6 12. f5 Rb8 13. Qf3 Nd7 14. b3 Qa5 15. Bd2 Qc5 16. Rg3 Bd8 17. Na4 Qa3 18. Qc3 d5 19. Qxc6 Bb7 20. Qb5 a6 21. Qe2 dxe4 22. Bg2 Nc5 23. Bc1 Qb4+ 24. c3 Qa5 25. Nxc5 Qxc5 26. Bxe4 Bxe4 27. Qxe4 0-0 28. b4 Qc8 29. Bd2 a5 30. Rd3 Rb6 31. Rc1 Rc6 32. b5 Rc4 33. Qxe5 Bc7 34. Qd5 Bxh2 35. g6 hxg6 36. fxg6 Qg4 37. Qf3 Qxg6 38. Kd1 Re8 39. Re3 Rd8 40. Re2 Rg4 0-1

[Event "SVK-ch sf 31st corr"]
[Site "Slovakia"]
[Date "2003.??.??"]
[Round "?"]
[White "Ressler, Vladimir"]
[Black "Lanyi, Julius"]
[Result "1-0"]
[WhiteElo "2203"]
[BlackElo "2037"]
[PlyCount "99"]
[EventDate "2003.02.24"]
[EventType "tourn (corr)"]
[EventRounds "14"]
[EventCountry "SVK"]
[SourceTitle "Corr 2008"]
[Source "ChessBase"]
[SourceDate "2008.06.24"]
[SourceVersion "1"]
[SourceVersionDate "2008.06.24"]
[SourceQuality "1"]

1. d4 Nf6 2. c4 e6 3. Nf3 b6 4. g3 Bb7 5. Bg2 Be7 6. Nc3 0-0 7. 0-0 Ne4 8. Qc2 d5 9. cxd5 Nxc3 10. bxc3 exd5 11. c4 c6 12. Rb1 Re8 13. Ne5 Nd7 14. Nd3 Rc8 15. Qa4 dxc4 16. Qxc4 Ba8 17. Rd1 Bf8 18. e4 g6 19. Be3 Nf6 20. Ne5 Qc7 21. Bg5 Bg7 22. f3 c5 23. Rbc1 Qb7 24. Bh3 Rc7 25. Bf4 g5 26. Bxg5 Nxe4 27. fxe4 Qxe4 28. Ng4 Qh1+ 29. Kf2 Qf3+ 30. Kg1 h5 31. d5 Re4 32. Qf1 Qxf1+ 33. Bxf1 Rxg4 34. d6 Rd7 35. Bb5 Rxg5 36. Bxd7 Bf3 37. Rd2 Rd5 38. Rxd5 Bxd5 39. Bf5 Kf8 40. Re1 Bd4+ 41. Kf1 Bc4+ 42. Kg2 Bd5+ 43. Kh3 Bxa2 44. d7 Bf6 45. Re8+ Kg7 46. d8Q Bxd8 47. Rxd8 Kf6 48. Bd3 Be6+ 49. Kh4 c4 50. Bb1 1-0

[Event "SVK-ch sf 31st corr"]
[Site "Slovakia"]
[Date "2003.??.??"]
[Round "?"]
[White "Zalcik, Vaclav"]
[Black "Lanyi, Julius"]
[Result "1/2-1/2"]
[WhiteElo "2143"]
[BlackElo "2037"]
[PlyCount "89"]
[EventDate "2003.02.24"]
[EventType "tourn (corr)"]
[EventRounds "14"]
[EventCountry "SVK"]
[SourceTitle "Corr 2008"]
[Source "ChessBase"]
[SourceDate "2008.06.24"]
[SourceVersion "1"]
[SourceVersionDate "2008.06.24"]
[SourceQuality "1"]

1. Nf3 c5 2. c4 Nc6 3. Nc3 Nf6 4. g3 g6 5. Bg2 Bg7 6. 0-0 0-0 7. d4 cxd4 8. Nxd4 a6 9. c5 Re8 10. Bf4 Nh5 11. Be3 Rb8 12. Rc1 Nxd4 13. Bxd4 Bxd4 14. Qxd4 b6 15. cxb6 Qxb6 16. Qxb6 Rxb6 17. Nd5 Rb8 18. b3 Kg7 19. e4 d6 20. Rfd1 Nf6 21. Nc7 Rf8 22. f4 Rb4 23. e5 dxe5 24. fxe5 Ng4 25. Re1 Rd4 26. h3 Nh6 27. Kf2 Rfd8 28. g4 a5 29. Re2 a4 30. Rc4 axb3 31. axb3 Rd3 32. b4 Rb3 33. Rec2 Be6 34. Re4 Rd1 35. Bf1 Rbb1 36. Be2 Rh1 37. Rc3 Bb3 38. Kg3 g5 39. Bf3 Rhg1+ 40. Kh2 Rgf1 41. b5 Bd1 42. Bxd1 Rfxd1 43. Rec4 Ng8 44. Rc5 Re1 45. Kg3 1/2-1/2

[Event "SVK-ch sf 29th corr0102"]
[Site "Slovakia"]
[Date "2002.??.??"]
[Round "?"]
[White "Lanyi, Julius"]
[Black "Pasztor, Stefan"]
[Result "1/2-1/2"]
[WhiteElo "2000"]
[BlackElo "1975"]
[PlyCount "110"]
[EventDate "2001.??.??"]
[EventType "tourn (corr)"]
[EventRounds "12"]
[EventCountry "SVK"]
[SourceTitle "Corr 2004"]
[Source "ChessBase"]
[SourceDate "2003.04.28"]
[SourceVersion "3"]
[SourceVersionDate "2003.04.28"]
[SourceQuality "1"]

1. e4 c5 2. Nf3 Nc6 3. d4 cxd4 4. Nxd4 d6 5. Nc3 e5 6. Nf3 Nf6 7. Bb5 Bd7 8. a3 a6 9. Bc4 Be7 10. 0-0 Bg4 11. Qd3 Qc7 12. Nd5 Nxd5 13. Bxd5 h6 14. h3 Bxf3 15. Qxf3 Bf6 16. c3 Nd8 17. Rd1 Bg5 18. Bxg5 hxg5 19. Qg4 Qe7 20. g3 g6 21. Rd3 Qd7 22. Qxd7+ Kxd7 23. Kg2 Rc8 24. Rad1 Ke7 25. Bb3 Rc6 26. Bd5 Rc7 27. a4 Rf8 28. b4 Nc6 29. b5 Na5 30. Ba2 Rd8 31. Bd5 axb5 32. axb5 Nc4 33. Rb1 Nb6 34. Rb4 f5 35. f4 gxf4 36. gxf4 Kf6 37. Bb3 exf4 38. exf5 Kxf5 39. Rbd4 Ke5 40. c4 g5 41. Kf2 Rh8 42. Rxd6 Rxh3 43. Rxh3 Kxd6 44. Rh6+ Kc5 45. Rg6 Nxc4 46. Rxg5+ Kb4 47. Bd1 Nd2 48. Rf5 f3 49. Ke3 Kc3 50. Rf8 Rd7 51. Bxf3 Nxf3 52. Kxf3 Kc4 53. Rf5 Rd5 54. Rf7 b6 55. Ke3 Kc3 1/2-1/2

[Event "SVK-ch sf 29th corr0102"]
[Site "Slovakia"]
[Date "2002.??.??"]
[Round "?"]
[White "Lanyi, Julius"]
[Black "Racko, Julius"]
[Result "0-1"]
[WhiteElo "2000"]
[BlackElo "1935"]
[PlyCount "42"]
[EventDate "2001.??.??"]
[EventType "tourn (corr)"]
[EventRounds "12"]
[EventCountry "SVK"]
[SourceTitle "Corr 2004"]
[Source "ChessBase"]
[SourceDate "2003.04.28"]
[SourceVersion "3"]
[SourceVersionDate "2003.04.28"]
[SourceQuality "1"]

1. e4 e5 2. Nf3 Nc6 3. d4 exd4 4. Nxd4 Bc5 5. Be3 Qf6 6. c3 Nge7 7. Be2 d5 8. exd5 Nxd5 9. 0-0 0-0 10. Bc4 Nxe3 11. fxe3 Qh6 12. Qe2 Ne5 13. Nd2 Ng4 14. h3 Qxe3+ 15. Qxe3 Nxe3 16. Rf3 Nc2 17. Rxf7 Rxf7 18. Rf1 Nxd4 19. Bxf7+ Kh8 20. cxd4 Bxd4+ 21. Kh1 Bxb2 0-1

[Event "SVK-ch sf 29th corr0102"]
[Site "Slovakia"]
[Date "2001.??.??"]
[Round "?"]
[White "Lanyi, Julius"]
[Black "Moravec, Milan"]
[Result "1/2-1/2"]
[WhiteElo "2100"]
[BlackElo "1930"]
[PlyCount "53"]
[EventDate "2001.??.??"]
[EventType "tourn (corr)"]
[EventRounds "12"]
[EventCountry "SVK"]
[SourceTitle "Corr 2004"]
[Source "ChessBase"]
[SourceDate "2003.04.28"]
[SourceVersion "3"]
[SourceVersionDate "2003.04.28"]
[SourceQuality "1"]

1. e4 c6 2. d4 d5 3. exd5 cxd5 4. c4 Nf6 5. Nc3 e6 6. Nf3 Bb4 7. cxd5 Nxd5 8. Qc2 Nc6 9. a3 Qa5 10. Bd2 Nxc3 11. bxc3 Bd6 12. c4 Bb4 13. Qb2 Bxd2+ 14. Nxd2 0-0 15. 0-0-0 Rd8 16. Nb3 Qg5+ 17. Kb1 Qg6+ 18. Bd3 Qf6 19. d5 Qxb2+ 20. Kxb2 exd5 21. cxd5 Ne5 22. Rhe1 Nxd3+ 23. Rxd3 Be6 24. Re5 Rac8 25. Rd4 Bd7 26. Re7 b6 27. g4 1/2-1/2